L'économétrie / (Registro nro. 5357)
[ vista simple ]
| 000 -LEADER | |
|---|---|
| fixed length control field | 00899nam a2200253Ia 4500 |
| 003 - CONTROL NUMBER IDENTIFIER | |
| control field | OSt |
| 005 - DATE AND TIME OF LATEST TRANSACTION | |
| control field | 20201207185950.0 |
| 008 - FIXED-LENGTH DATA ELEMENTS--GENERAL INFORMATION | |
| fixed length control field | 191128t1971 fr fr 000 0 fre d |
| 040 ## - CATALOGING SOURCE | |
| Original cataloging agency | CO-JMCR |
| Transcribing agency | CO-JMCR |
| 041 0# - LANGUAGE CODE | |
| Language code of text/sound track or separate title | fre |
| 082 04 - DEWEY DECIMAL CLASSIFICATION NUMBER | |
| Classification number | 330.015195 / |
| Item number | M134l |
| Edition number | 23 |
| 100 1# - MAIN ENTRY--PERSONAL NAME | |
| Personal name | Maillet, Pierre, |
| Relator term | autor |
| 9 (RLIN) | 5447 |
| 245 10 - TITLE STATEMENT | |
| Title | L'économétrie / |
| Statement of responsibility, etc. | Pierre Maillet |
| 250 ## - EDITION STATEMENT | |
| Edition statement | Deuxiéme édition |
| 260 ## - PUBLICATION, DISTRIBUTION, ETC. | |
| Place of publication, distribution, etc. | Paris : |
| Name of publisher, distributor, etc. | Presses Universitaires de France, |
| Date of publication, distribution, etc. | ©1971 |
| 300 ## - PHYSICAL DESCRIPTION | |
| Extent | 127 páginas ; |
| Dimensions | 18 cm. |
| 490 0# - SERIES STATEMENT | |
| Series statement | Encyclopédique. Que sais-je? |
| 504 ## - BIBLIOGRAPHY, ETC. NOTE | |
| Bibliography, etc. note | Bibliografía: páginas 126-127 |
| 505 0# - FORMATTED CONTENTS NOTE | |
| Formatted contents note | Les modéles -- Les ajustements statistiques -- L'économétrie de la production -- L'économétrie de la demande -- Austres examples de modéles partiels |
| 650 14 - SUBJECT ADDED ENTRY--TOPICAL TERM | |
| Topical term or geographic name entry element | Econometría |
| 9 (RLIN) | 5448 |
| 650 14 - SUBJECT ADDED ENTRY--TOPICAL TERM | |
| Topical term or geographic name entry element | Modelos matemáticos |
| 9 (RLIN) | 1740 |
| 650 14 - SUBJECT ADDED ENTRY--TOPICAL TERM | |
| Topical term or geographic name entry element | Modelos econométricos |
| 9 (RLIN) | 5178 |
| 942 ## - ADDED ENTRY ELEMENTS (KOHA) | |
| Source of classification or shelving scheme | Dewey Decimal Classification |
| Koha item type | Books |
| Withdrawn status | Lost status | Source of classification or shelving scheme | Damaged status | Not for loan | Collection code | Home library | Current library | Date acquired | Source of acquisition | Cost, normal purchase price | Total Checkouts | Full call number | Barcode | Date last seen | Date last checked out | Copy number | Koha item type |
|---|---|---|---|---|---|---|---|---|---|---|---|---|---|---|---|---|---|
| Dewey Decimal Classification | Non-fiction | Biblioteca Pública José María del Castillo y Rada | Biblioteca Pública José María del Castillo y Rada | 04/15/2018 | Donación | 0.00 | 1 | 330.015195 / M134l | 201811412 | 05/16/2024 | 03/02/2023 | Ej.1 | Books |